• 首页
  • 本馆介绍
  • 公告通知
  • 最新文献
  • 馆藏检索
  • 电子资源
  • 读者导购
  • 参考咨询
  • 我的图书馆
  • 登录
  • 详细信息显示
  • 放入我的书架
  • 预约/预借图书
  • 作者相关作品
  • 分类相关作品
  • 丛书相关作品
  • 出版社相关作品

书目信息

  • 表格格式
  • 工作单格式
  • 卡片格式
题名:
农业循环经济概论
    
 
作者: 任正晓 著
分册:  
出版信息: 北京   中国经济出版社  2007
页数: 349页
开本: 24cm
丛书名:
单 册:
中图分类: F323.2
科图分类:
主题词: 农业资源--资源经济学--中国 , 自然资源 , 资源经济学
电子资源:
ISBN: 978-7-5017-8124-9
000 00791nam0 2200253 450
001 003543555
005 20091221090659.54
010    @a978-7-5017-8124-9@dCNY49.80
100    @a20070327d2007 em y0chiy0110 ea
101 0  @achi
102    @aCN@b110000
105    @ay z 000yy
106    @ar
200 1  @a农业循环经济概论@9nong ye xun huan jing ji gai lun@f任正晓著
210    @a北京@c中国经济出版社@d2007
215    @a349页@d24cm
330    @a本书对循环经济、农业循环经济的基本理论以及我国实施农业循环经济的必要性、可行性及其基本对策进行了系统的阐述和论证。
606 0  @a农业资源@x资源经济学@y中国
606 0  @a自然资源
606 0  @a资源经济学
690    @aF323.2@v4
701  0 @a任正晓@9ren zheng xiao@4著
801  0 @aCN@bNLC@c20091221
905    @b20798004-09@dF323.2@e116@f6
    
    农业循环经济概论/任正晓著.-北京:中国经济出版社,2007
    349页;24cm
    
    
    ISBN 978-7-5017-8124-9:CNY49.80
    本书对循环经济、农业循环经济的基本理论以及我国实施农业循环经济的必要性、可行性及其基本对策进行了系统的阐述和论证。
●
相关链接 在E读中查询图书 在五车中查询图书 在当当中查询图书 在豆瓣中查询图书


正题名:农业循环经济概论     索取号:F323.2/116         预约/预借

序号 登录号 条形码 馆藏地/架位号 状态 备注
1 798004   207980041   第一样本阅览室/ [索取号:F323.2/116] 在馆    
2 798005   207980050   第一借阅区/ [索取号:F323.2/116] 在馆    
3 798006   207980069   第一借阅区/ [索取号:F323.2/116] 在馆    
4 798007   207980078   第一借阅区/ [索取号:F323.2/116] 在馆    
5 798008   207980087   第一借阅区/ [索取号:F323.2/116] 在馆    
6 798009   207980096   第一借阅区/ [索取号:F323.2/116] 在馆    
唐山师范学院图书馆 欢迎您!
大连网信软件有限公司© 版权所有